<?xml version="1.0" encoding="UTF-8"?>
<record
    xmlns:xsi="http://www.w3.org/2001/XMLSchema-instance"
    xsi:schemaLocation="http://www.loc.gov/MARC21/slim http://www.loc.gov/standards/marcxml/schema/MARC21slim.xsd"
    xmlns="http://www.loc.gov/MARC21/slim">

  <leader>04896cam a2200505   4500500</leader>
  <controlfield tag="005">20250117194124.0</controlfield>
  <datafield tag="041" ind1=" " ind2=" ">
    <subfield code="a">fre</subfield>
  </datafield>
  <datafield tag="042" ind1=" " ind2=" ">
    <subfield code="a">dc</subfield>
  </datafield>
  <datafield tag="100" ind1="1" ind2="0">
    <subfield code="a">Zendjabil, Mustapha</subfield>
    <subfield code="e">author</subfield>
  </datafield>
  <datafield tag="700" ind1="1" ind2="0">
    <subfield code="a"> Assami, Hichem</subfield>
    <subfield code="e">author</subfield>
  </datafield>
  <datafield tag="700" ind1="1" ind2="0">
    <subfield code="a"> Bourbonneux, Val&#xE9;ry</subfield>
    <subfield code="e">author</subfield>
  </datafield>
  <datafield tag="700" ind1="1" ind2="0">
    <subfield code="a"> Brunel, Valery</subfield>
    <subfield code="e">author</subfield>
  </datafield>
  <datafield tag="700" ind1="1" ind2="0">
    <subfield code="a"> Capaldo, Cl&#xE9;ment</subfield>
    <subfield code="e">author</subfield>
  </datafield>
  <datafield tag="700" ind1="1" ind2="0">
    <subfield code="a"> Collet, Nicolas</subfield>
    <subfield code="e">author</subfield>
  </datafield>
  <datafield tag="700" ind1="1" ind2="0">
    <subfield code="a"> Guergour, Dorra</subfield>
    <subfield code="e">author</subfield>
  </datafield>
  <datafield tag="700" ind1="1" ind2="0">
    <subfield code="a"> Grzych, Guillaume</subfield>
    <subfield code="e">author</subfield>
  </datafield>
  <datafield tag="700" ind1="1" ind2="0">
    <subfield code="a"> Masri, Wafa</subfield>
    <subfield code="e">author</subfield>
  </datafield>
  <datafield tag="700" ind1="1" ind2="0">
    <subfield code="a"> Outreville, Jonathan</subfield>
    <subfield code="e">author</subfield>
  </datafield>
  <datafield tag="700" ind1="1" ind2="0">
    <subfield code="a"> Raverot, V&#xE9;ronique</subfield>
    <subfield code="e">author</subfield>
  </datafield>
  <datafield tag="700" ind1="1" ind2="0">
    <subfield code="a"> Rousseau, Nathalie</subfield>
    <subfield code="e">author</subfield>
  </datafield>
  <datafield tag="700" ind1="1" ind2="0">
    <subfield code="a"> Lefevre, Charles R.</subfield>
    <subfield code="e">author</subfield>
  </datafield>
  <datafield tag="245" ind1="0" ind2="0">
    <subfield code="a">Groupe de travail SFBC Sur les sources d&#x2019;erreurs en biologie clinique: Objectifs et axes de travail</subfield>
  </datafield>
  <datafield tag="260" ind1=" " ind2=" ">
    <subfield code="c">2024.
							</subfield>
  </datafield>
  <datafield tag="500" ind1=" " ind2=" ">
    <subfield code="a">89</subfield>
  </datafield>
  <datafield tag="520" ind1=" " ind2=" ">
    <subfield code="a">Laboratory medicine plays a crucial role in patient care, contributing to approximately 70 % of clinical decisions. In collaboration with clinicians, laboratory medicine specialists perform analyses that are useful for diagnosis, screening and prevention. Laboratories are known for their efficiency, which is reached through a rigorous quality system. However, errors can occur, especially given the complexity of the total testing process. These errors may lead to severe consequences, such as incorrect diagnoses or delays in treatment. Errors can occur at every stage of the total testing process, those related to the pre-analytical phase being the most prevalent. To reduce medical errors related to laboratory processes, it is essential to provide training for medical and paramedical staff, optimize production automation, and leverage technological advancements. These considerations have led to the creation of a French Working Group on Sources of Errors in Laboratory Medicine, under the aegis of the French lean society of clinical chemistry and laboratory medicine (Soci&#xE9;t&#xE9; Fran&#xE7;aise de Biologie Clinique - SFBC). The objectives of this working group are to produce an educational handbook on sources of errors in laboratory medicine, provide training for clinical chemists, and conducting applied research projects to better understand the mechanisms behind specific errors. Ultimately, the aim is to minimize errors and enhance the quality of laboratory tests.</subfield>
  </datafield>
  <datafield tag="520" ind1=" " ind2=" ">
    <subfield code="a">Les laboratoires de biologie m&#xE9;dicale (LBM) jouent un r&#xF4;le primordial dans la prise en charge des patients, contribuant &#xE0; environ 70 % des d&#xE9;cisions cliniques. En collaboration avec les cliniciens, ils participent &#xE0; la r&#xE9;alisation d&#x2019;analyses utiles pour le diagnostic, le d&#xE9;pistage et la pr&#xE9;vention. Les LBM sont r&#xE9;put&#xE9;s pour leur syst&#xE8;me qualit&#xE9; efficace. Toutefois, le circuit global des analyses de biologie m&#xE9;dicale n&#x2019;est pas exempt d&#x2019;erreurs, du fait de sa complexit&#xE9;. Ces erreurs peuvent avoir des cons&#xE9;quences graves, telles qu&#x2019;un diagnostic erron&#xE9; ou un retard dans la prise en charge du patient. Les erreurs peuvent se produire &#xE0; toutes les &#xE9;tapes du processus d&#x2019;analyse, la phase pr&#xE9;-analytique &#xE9;tant la plus fr&#xE9;quemment impact&#xE9;e. Les pistes d&#x2019;am&#xE9;lioration en vue de r&#xE9;duire les erreurs m&#xE9;dicales li&#xE9;es aux analyses de biologie clinique sont nombreuses et comprennent par exemple la formation du personnel m&#xE9;dical et param&#xE9;dical ou l&#x2019;optimisation de l&#x2019;automatisation de la production en s&#x2019;appuyant sur les &#xE9;volutions technologiques. Un groupe de travail de la Soci&#xE9;t&#xE9; Fran&#xE7;aise de Biologie Clinique a &#xE9;t&#xE9; cr&#xE9;&#xE9; dans le but d&#x2019;&#xE9;tudier les sources d&#x2019;erreurs en biologie clinique. Les objectifs de ce groupe sont de produire un pr&#xE9;cis p&#xE9;dagogique sur les sources d&#x2019;erreurs li&#xE9;es aux analyses de biologie clinique (principalement dans le domaine de la biochimie clinique), d&#x2019;am&#xE9;liorer les connaissances des biologistes &#xE0; propos de ces erreurs, et de mener des projets de recherche appliqu&#xE9;e afin de mieux comprendre et se pr&#xE9;munir de ces erreurs. L&#x2019;objectif final est d&#x2019;am&#xE9;liorer le service m&#xE9;dical rendu par le laboratoire.</subfield>
  </datafield>
  <datafield tag="690" ind1=" " ind2=" ">
    <subfield code="a">gestion de laboratoire</subfield>
  </datafield>
  <datafield tag="690" ind1=" " ind2=" ">
    <subfield code="a">erreurs en biologie clinique</subfield>
  </datafield>
  <datafield tag="690" ind1=" " ind2=" ">
    <subfield code="a">interf&#xE9;rences</subfield>
  </datafield>
  <datafield tag="690" ind1=" " ind2=" ">
    <subfield code="a">processus global</subfield>
  </datafield>
  <datafield tag="690" ind1=" " ind2=" ">
    <subfield code="a">gestion de laboratoire</subfield>
  </datafield>
  <datafield tag="690" ind1=" " ind2=" ">
    <subfield code="a">erreurs en biologie clinique</subfield>
  </datafield>
  <datafield tag="690" ind1=" " ind2=" ">
    <subfield code="a">interf&#xE9;rences</subfield>
  </datafield>
  <datafield tag="690" ind1=" " ind2=" ">
    <subfield code="a">processus global</subfield>
  </datafield>
  <datafield tag="690" ind1=" " ind2=" ">
    <subfield code="a">Errors in laboratory medicine</subfield>
  </datafield>
  <datafield tag="690" ind1=" " ind2=" ">
    <subfield code="a">Interferences</subfield>
  </datafield>
  <datafield tag="690" ind1=" " ind2=" ">
    <subfield code="a">Laboratory ressources management</subfield>
  </datafield>
  <datafield tag="690" ind1=" " ind2=" ">
    <subfield code="a">Total testing process</subfield>
  </datafield>
  <datafield tag="690" ind1=" " ind2=" ">
    <subfield code="a">Errors in laboratory medicine</subfield>
  </datafield>
  <datafield tag="690" ind1=" " ind2=" ">
    <subfield code="a">Interferences</subfield>
  </datafield>
  <datafield tag="690" ind1=" " ind2=" ">
    <subfield code="a">Laboratory ressources management</subfield>
  </datafield>
  <datafield tag="690" ind1=" " ind2=" ">
    <subfield code="a">Total testing process</subfield>
  </datafield>
  <datafield tag="786" ind1="0" ind2=" ">
    <subfield code="n">Annales de Biologie Clinique | 82 | 4 | 2024-10-09 | p. 446-450 | 0003-3898</subfield>
  </datafield>
  <datafield tag="856" ind1="4" ind2="1">
    <subfield code="u">https://shs.cairn.info/revue-annales-de-biologie-clinique-2024-4-page-446?lang=fr&amp;redirect-ssocas=7080</subfield>
  </datafield>
  <datafield tag="999" ind1=" " ind2=" ">
    <subfield code="c">276926</subfield>
    <subfield code="d">276926</subfield>
  </datafield>
</record>
